Royal charter and bye-laws 1973 (amended 1975, 1977, 1978, 1980, 1981, 1985, 1986, 1988, 1990, 1993, 1995, 1998, 1999, 2000, 2002, 2003, 2006,2007 and 2008) (Record no. 121168)

MARC details
000 -LEADER
fixed length control field 01024cam a22002175a 4500
001 - CONTROL NUMBER
control field K121168
008 - FIXED-LENGTH DATA ELEMENTS--GENERAL INFORMATION
fixed length control field 070807s2009 xxk f 001 0 eng d
035 ## - SYSTEM CONTROL NUMBER
System control number (Sirsi) u139757
041 0# - LANGUAGE CODE
Language code of text/sound track or separate title eng
050 04 - Library of Congress Classification
Class mark 333.0062 $2 18
110 2# - MAIN ENTRY--CORPORATE NAME
Corporate author Royal Institution of Chartered Surveyors
245 00 - TITLE STATEMENT
Title Royal charter and bye-laws 1973 (amended 1975, 1977, 1978, 1980, 1981, 1985, 1986, 1988, 1990, 1993, 1995, 1998, 1999, 2000, 2002, 2003, 2006,2007 and 2008)
260 ## - PUBLICATION INFORMATION
Place of publication London
Publisher RICS
Date 2008
300 ## - PHYSICAL DESCRIPTION
Physical description 42p.
Dimensions 30cm.
520 ## - ABSTRACT
Abstract RICS Royal Charter and Bye-laws. Updated January 2009. Incorporates all amendments up to and including those allowed by the Privy Council on 5 November 2008. Supersedes 2007 edition.
590 ## - LOCAL NOTE (RLIN)
Local note KA
651 #4 - SUBJECT ADDED ENTRY--GEOGRAPHIC NAME
Geographic name United Kingdom
690 ## - BROAD SUBJECT
Broad subject ABOUT RICS-RICS STRUCTURE AND GOVERNANCE-RICS ROYAL CHARTER AND BYE-LAWS
856 41 - ONLINE RESOURCE
Uniform Resource Identifier <a href="https://www.rics.org/globalassets/rics-website/media/about/rics-royal-charter-bye-laws.pdf">https://www.rics.org/globalassets/rics-website/media/about/rics-royal-charter-bye-laws.pdf</a>
Public note View the item free of charge at www.rics.org...
942 ## - ADDED ENTRY ELEMENTS (KOHA)
Suppress in OPAC Do not suppress in OPAC
Holdings
Lost status Damaged status Not for loan Home library Current library Shelving location Date acquired Total Checkouts Date last seen Price effective from Koha item type
      Virtual Virtual Online 29/11/2019   29/11/2019 29/11/2019 Online material